书目信息 |
| 书名: | Statistical techniques in business and economics | |
| 作者: | Robert D. Mason, Douglas A. Lind. | |
| 分册号: | ||
| 分册名: | 出版地: | Homewood, IL : |
|
| 出版社: | Irwin | |
| 出版时间: | c1990. | |
| 页数: | xxvii, 910 p. : | |
| 开本: | 24 cm. | |
| 丛书名: | ||
| 中图分类号: | ||
| 科图分类号: | ||
| 其他分类号: | F222.1 | |
| 主题词: | ||
| 电子资源: | ||
| 000 | 00919pam 2200289 a 4500 | |
| 001 | E0732148180 | |
| 005 | 20070315090014.34 | |
| 008 | 890316s1990 ilua b 00110 eng | |
| 010 | @a 89002224 | |
| 020 | @a0256076960. | |
| 040 | @aDLC@cDLC@dDLC | |
| 050 | 00 | @aHA29@b.M268 1990 |
| 082 | 00 | @a519.5 @2 20 |
| 090 | @aF222.1 | |
| 093 | @aF222.1 @2 3 | |
| 099 | @dF222.1@ex21 | |
| 100 | 1 | @aMason, Robert Deward,@d1919- |
| 245 | 10 | @aStatistical techniques in business and economics / @cRobert D. Mason, Douglas A. Lind. |
| 250 | @a7th ed. | |
| 260 | 0 | @aHomewood, IL :@bIrwin,@cc1990. |
| 300 | @axxvii, 910 p. :@bill. (some col.) ;@c24 cm. | |
| 504 | @aIncludes bibliographical references. | |
| 650 | 0 | @aCommercial statistics. |
| 650 | 0 | @aEconomics@xStatistical methods. |
| 650 | 0 | @aSocial sciences@xStatistical methods. |
| 700 | 1 | @aLind, Douglas A. |
| 920 | @a232010@z2 | |
| Statistical techniques in business and economics / / Robert D. Mason, Douglas A. Lind.-7th ed.-Homewood, IL : : Irwin, , c1990. |
| xxvii, 910 p. : : ill. (some col.) ; ; 24 cm. |
| Includes bibliographical references. |
| ISBN 0256076960. |
| ● |
| 相关链接 |
|
|
|
|
正题名:Statistical techniques in business and economics
索取号:F222.1/x21
 
预约/预借
| 序号 | 登录号 | 条形码 | 馆藏地/架位号 | 状态 | 备注 |
| 1 | 0002160 | 300021606 | 第二样本阅览室/ [索取号:F222.1/x21] | 在馆 | |
| 2 | 0002161 | 300021615 | 第四借阅区/ [索取号:F222.1/x21] | 在馆 |